000 nam a22 7a 4500
999 _c126335
_d126335
008 170322b xxu||||| |||| 00| 0 eng d
050 _aRA552.Z55 G55 1979
100 _aGilmurray, John
_929535
245 _aThe struggle for health
_cJoh Gilmurray, Roger Riddell and David Sanders
260 _aGwelo
_bMambo Press
_c1979
300 _a59p.;
_c21cm.
440 _aFrom Rhodesia to Zimbabwe
_929536
650 _aPublic health
_zZimbabwe
_929537
650 _aHealth planning
_zZimbabwe
_929538
650 _aMedical policy
_zZimbabwe
_929539
700 _aRoger Riddell
_929543
700 _aDavid Sanders
_929544
942 _2lcc
_cMONOGRAPH